000 00499nam a2200205Ia 4500
005 20250205015547.0
008 240331s9999 xx 000 0 und d
020 _a0195641515
082 _bRAY
100 _aRayaprol, A
245 0 _aNegotiating Identities:
_bWomen in the Indian Diaspora
260 _aDelhi
_bOxford University Press
_c1997
300 _aix, 165 p.,
650 _aWomen
650 _aDiaspora
650 _aGender
650 _aEthnicity
650 _aCulture
942 _cL
999 _c1694
_d1694